|
|
|
|
| LEADER |
00000nab a2200000 a 4500 |
| 001 |
vtls008996406 |
| 003 |
SK-MaSNL |
| 005 |
20260303065741.0 |
| 008 |
070606 2007 xo r r 000 0 slo |
| 038 |
|
|
|a KEVKJB
|
| 040 |
|
|
|a KEVKJB
|b slo
|c KEVKJB
|e AACR2
|
| 041 |
0 |
|
|a slo
|
| 044 |
|
|
|a xo
|c SK
|
| 080 |
|
|
|a 008(083.94)
|2 2001
|
| 100 |
1 |
|
|a Lehotský, Ľubomír
|4 aut
|9 267807
|
| 245 |
1 |
0 |
|a Košice chcú byť na jeden rok "hlavným mestom"
|b projekt Európske hlavné mesto kultúry by mohol Košice zviditeľniť v očiach celého "starého kontinentu"
|c Ľubomír Lehotský
|
| 300 |
|
|
|b Obr.
|
| 650 |
0 |
7 |
|a projekty
|2 kevkjb
|9 18866
|
| 650 |
0 |
7 |
|a Európske hlavné mesto kultúry 2013
|2 kevkjb
|9 1051011
|
| 651 |
|
7 |
|a Košice (Slovensko)
|2 kevkjb
|9 18694
|
| 773 |
0 |
|
|t Košický večer
|g Roč. 18(39), č. 22 (1.6.2007), s. 4
|x 1336-5320
|
| 852 |
|
|
|a KEVKJB
|b KIS3GCP
|
| 856 |
4 |
1 |
|u www.korzar.sk
|
| 999 |
|
|
|c 1752520
|d 1754450
|